[Event "CRO-chT3 Center-A"]
[Site "Zagreb"]
[Date "2011.03.13"]
[Round "1.35"]
[White "Causevic, Vlado"]
[Black "Fiamengo, Andrija"]
[Result "0-1"]
[WhiteElo "2138"]
[BlackElo "2069"]
[PlyCount "72"]
[EventDate "2011.03.13"]
[EventType "team-tourn"]
[EventRounds "11"]
[EventCountry "CRO"]
[SourceTitle "EXT 2014"]
[Source "ChessBase"]
[SourceDate "2013.11.20"]
[SourceVersion "1"]
[SourceVersionDate "2013.11.20"]
[SourceQuality "1"]

1. e4 Nf6 2. e5 Nd5 3. d4 d6 4. c4 Nb6 5. f4 dxe5 6. fxe5 Nc6 7. Be3 Bf5 8. Nc3 e6 9. Nf3 Be7 10. Be2 Qd7 11. 0-0 0-0-0 12. a3 f6 13. b4 Bg4 14. c5 Bxf3 15. cxb6 Bxe2 16. bxa7 Nxa7 17. Qxe2 Kb8 18. Rad1 f5 19. d5 g6 20. d6 cxd6 21. exd6 Bf6 22. Ne4 fxe4 23. Bxa7+ Kxa7 24. Rxf6 e5 25. Qxe4 Qb5 26. Rd5 Qb6+ 27. Kf1 Rhf8 28. Qf3 e4 29. Qf2 e3 30. Qb2 e2+ 31. Kxe2 Rde8+ 32. Kd1 Qg1+ 33. Kc2 Qxg2+ 34. Rd2 Qe4+ 35. Kb3 Qe3+ 36. Ka4 Rxf6 0-1

[Event "CRO-chT3A Center"]
[Site "Zagreb"]
[Date "2010.04.25"]
[Round "5.14"]
[White "Dejanovic, Mladen"]
[Black "Fiamengo, Andrija"]
[Result "1-0"]
[WhiteElo "2065"]
[BlackElo "2079"]
[PlyCount "77"]
[EventDate "2010.03.21"]
[EventType "team-tourn"]
[EventRounds "11"]
[EventCountry "CRO"]
[SourceTitle "EXT 2012"]
[Source "ChessBase"]
[SourceDate "2011.11.24"]
[SourceVersion "1"]
[SourceVersionDate "2011.11.24"]
[SourceQuality "1"]

1. e4 c5 2. Nf3 d6 3. d4 cxd4 4. Nxd4 Nf6 5. Nc3 a6 6. Be2 e5 7. Nb3 Be6 8. 0-0 Nbd7 9. Be3 Qc7 10. Rc1 Be7 11. Kh1 0-0 12. f4 Rfe8 13. f5 Bc4 14. Rf2 Bxe2 15. Qxe2 Qc6 16. Qf3 b5 17. Nd2 Nb6 18. Bxb6 Qxb6 19. Rcf1 b4 20. Nd1 Rad8 21. Ne3 Qc6 22. g4 h6 23. h4 d5 24. g5 Nxe4 25. Nxe4 dxe4 26. Qg3 Bc5 27. gxh6 Qxh6 28. Ng4 Qc6 29. Rg2 Kh7 30. f6 g6 31. h5 Rh8 32. Nxe5 Qd5 33. Rh2 e3+ 34. Nf3 g5 35. Rg2 Rhg8 36. Nxg5+ Kh8 37. Qf4 e2 38. Re1 Bd6 39. Qe3 1-0